Toward a language policy for Namibia: english as the official language: perspectives and strategies (Record no. 60029)

MARC details
000 -LEADER
fixed length control field 00694nas a2200181 a 4500
008 - FIXED-LENGTH DATA ELEMENTS--GENERAL INFORMATION
fixed length control field 100407c19829999||||||||||||||||| || u
050 ## - LIBRARY OF CONGRESS CALL NUMBER
Classification number UNIN(08)
245 00 - TITLE STATEMENT
Title Toward a language policy for Namibia: english as the official language: perspectives and strategies
Statement of responsibility, etc. Based on the work of Chamberlain, R. Diallo, A. John E, J.
260 ## - PUBLICATION, DISTRIBUTION, ETC.
Place of publication, distribution, etc. Lusaka
Name of publisher, distributor, etc. United Nations Institute for Namibia
Date of publication, distribution, etc. 1982
300 ## - PHYSICAL DESCRIPTION
Extent viii, 123p. :ill.
350 ## - PRICE (NR) (BK AM CF MU VM SE) [OBSOLETE]
Price 0.00
490 ## - SERIES STATEMENT
Series statement Namibia Study Series No. 4
500 ## - GENERAL NOTE
General note Issue 4
650 ## - SUBJECT ADDED ENTRY--TOPICAL TERM
Topical term or geographic name entry element LANGUAGE AND EDUCATION--NAMIBIA
650 ## - SUBJECT ADDED ENTRY--TOPICAL TERM
Topical term or geographic name entry element LANGUAGE AND POLICY--NAMIBIA
650 ## - SUBJECT ADDED ENTRY--TOPICAL TERM
Topical term or geographic name entry element ENGLISH LANGUAGE--POLITICAL ASPECTS--NAMIBIA
650 ## - SUBJECT ADDED ENTRY--TOPICAL TERM
Topical term or geographic name entry element ENGLISH LANGUAGE--NAMIBIA
Holdings
Withdrawn status Lost status Source of classification or shelving scheme Damaged status Not for loan Home library Current library Date acquired Total Checkouts Full call number Date last seen Price effective from Koha item type
          CBU-MAIN LIBRARY, KITWE. CBU-MAIN LIBRARY, KITWE. 11/30/2022   UNIN(08) 11/30/2022 11/30/2022 MONOGRAPH